000 00639nam a2200181 i 4500
001 80332
003 ES-MaACL
005 20250824092813.0
007 t|
008 041027s1968 sp ||||1| spa d
100 1 _aHobsbawm, E. J. (
_d1917-2012)
_963862
245 1 0 _aRebeldes primitivos
_b: estudio sobre las formas arcaicas de los movimientos sociales en los siglos XIX y XX /
_cEric J. Hobsbawm ; traducción de Joaquín Romero Maura.
260 _aBarcelona :
_bAriel,
_c[1968]
300 _a311 p. ;
_c22 cm.
700 1 _aRomero Maura, Joaquín,
_d1940-
_999412
852 _aES-MaACL
_jC-47934
_bR.66148
999 _c80332
_d80332